Responses for show #371 - Monday, February 10, 1986

Paul Rouffa game 5.

Contestants

Susan Fox-Davis, a video technician from Van Nuys, California

Steve Lawson, a writer and a journalist from New York City, New York

Paul Rouffa, an actor from Forest Park, Illinois (whose 4-day cash winnings total $33,200)

Jeopardy! Round responses

MINI-COUNTRIES
AMERICAN INDIANS
NAMES
GOVERNMENT
UNREAL ESTATE
THE LONGEST
    $100 2
France

Paul
    $100 11
(Paul: Who is Crazy Horse?)
(Steve: Who is Geronimo?)
---
(Alex: The clue said he "sat out".
[Audience groans.]
[Alex turns to camera]
That was our writers being humorous. And I will speak to them during the commercial break we are about to take. Stay with us.)

Sitting Bull

PaulSteveSusan
    $100 12
king

Paul
    $100 18
FBI

Steve
    $100 1
Monticello

Steve
    $100 8
(Paul: What is the most numbers of games with getting hits?)
[Paul breaks up laughing.]
(Alex: That's it, a hitting... That's another way of saying what is the longest [*].)
(Paul: That's, that's it, yes.)
(Alex: Thank you.)

hitting streak

Paul
    $200 3
the Solomon Islands

Susan
    $200 27
[NOTE: Before beginning the Double Jeopardy! Round, Alex announces that the unrevealed Daily Double in the Jeopardy! Round was an Audio Daily Double.]

Seattle

Steve
    $200 13
(Steve: What is [*].)
(Alex: Vincent means winner and [*] Lombardi was the coach.)

Vince (Lombardi)

Steve
    $200 19
the town meeting

Steve
    $200 4
[Susan responds in an accented voice, prompting a fit of the giggles between her and Alex.]

"Hernando's Hideaway"

Susan
    $200 9
(Alex: It was dropped from the tenth floor of a New York office building, and there was a coffee roasting plant next door, and the hot air helped keep that plane afloat for 1ΒΌ miles. Select again.)
(Susan: Hmm. Well, I'll always go for THE LONGEST, for $300.)
[Laughter]
(Alex: [With a disapproving tone of voice] The answer is...)

paper airplane

Susan
    $300 14
Andorra

Paul
    $300 15
(Paul: What is John Johnson?)

John Smith

PaulSteve
    $300 20
the Department of the Interior

Steve
    $300 5
Li'l Abner

Susan
    $300 10
shoes

Susan
    $400 16
Swaziland

Paul
    $400 25
(Paul: What is Muhammad?)

Abdullah

Paul
Triple Stumper
    $400 21
the General Services Administration

Triple Stumper
    $400 6
7

Paul
    $400 23
Agatha Christie

Steve
    $500 17
postage stamps

Steve
    $500 26
(Paul: What is Margaret?)

Marlene

Paul
Triple Stumper
    $500 22
gas rationing

Paul
    $500 7
(Susan: Who was Rasputin?)

(Grigori) Potemkin

PaulSusan
    $500 24
France

Steve

Scores at the first commercial break (after clue 11):

Paul Steve Susan
$1,000 $0 $800

Scores at the end of the Jeopardy! Round:

Paul Steve Susan
$1,100 $2,700 $800

Double Jeopardy! Round responses

ANCIENT HISTORY
FAMOUS FOLKS
WORD ORIGINS
COUNTRY MUSIC
SHAKESPEARE
THE SHORTEST
    $200 6
Nero

Steve
    $200 9
Daniel Boone

Steve
    $200 17
Quonset huts

Steve
    $200 26
Opryland

Triple Stumper
    $200 1
Brutus

Paul
    $200 12
the shortest war

Susan
    $400 7
(Steve: Who are the Spartans?)
(Paul: Who are the Trojans?)

the Persians

PaulSteve
Triple Stumper
    $400 21
Carroll Baker

Paul
    $400 18
paid toll

Steve
    $400 27
a hawk

Triple Stumper
    $400 2
wears the crown

Paul
    $400 13
the shortest will

Susan
    $600 8
(Paul: What is the republic?)

Carthage

PaulSusan
    $600 22
Frank Sinatra

Paul
    $600 19
manure

Triple Stumper
    $1,000 3
house & home

Paul
    $600 14
the DuMont Network

Paul
    $800 10
Thor Heyerdahl

Paul
    $800 23
(Aleksandr) Solzhenitsyn

Paul
    $1,000 20
(Steve: What is a musket?)

a hand grenade

Steve
    $800 4
Horatio

Steve
    $800 15
the United Kingdom (Scotland)

Susan
    $1000 11
Aristotle

Triple Stumper
    $1000 24
Nguyen Cao Ky

Paul
    $1000 25
(Alex: [*], who set Booth's broken leg.)

(Dr. Samuel) Mudd

Paul
    $1000 5
The Tempest

Steve
    $1000 16
(Susan: Who is Martin Van Buren?)

James Madison

Susan
Triple Stumper

Scores at the end of the Double Jeopardy! Round:

Paul Steve Susan
$6,900 $4,100 $1,800

[wagering suggestions for these scores]

Final Jeopardy! Round responses

FICTIONAL CHARACTERS
(Alex: [To Steve] The young lady was Bonnie Blue Butler, daughter of Scarlett and Rhett.)
SusanWho was Topsy?
$1,500
SteveWho is Scarlett O'Hara?
$4,100
PaulWho is Scarlet O'Hara?
$6,000
Scarlett O'Hara

Final scores:

Paul Steve Susan
$12,900 $8,200 $300
5-day champion: $46,100 2nd place: 4 days at Holiday Lodge 3rd place: Amelia Earhart Luggage

Game dynamics:

Coryat scores:

Paul Steve Susan
$6,500 $5,100 $1,800
18 R
(including 1 DD),
6 W
16 R,
3 W
(including 1 DD)
10 R,
2 W

Combined Coryat: $13,400

The J! Archive is created by fans, for fans. The Jeopardy! game show and all elements thereof, including but not limited to copyright and trademark thereto, are the property of Jeopardy Productions, Inc. and are protected under law. This website is not affiliated with, sponsored by, or operated by Jeopardy Productions, Inc. Join the discussion at JBoard.tv.